[Event "50th Biel Festival 2017"]
[Site "Biel"]
[Date "2017.07.30"]
[Round "6"]
[White "Georgiadis, Nico"]
[Black "Morozevich, Alexander"]
[Result "1/2-1/2"]
[WhiteElo "2496"]
[BlackElo "2675"]
[Annotator "TA"]
[PlyCount "83"]
[EventDate "2017.??.??"]
[EventType "tourn"]
[EventCountry "SUI"]
[SourceTitle "playchess.com"]
[Source "ChessBase"]
[SourceQuality "1"]

{[%evp 35,83,33,18,8,37,21,37,27,33,31,27,32,101,88,91,92,82,82,82,75,82,82,82,82,82,82,82,82,82,82,82,82,88,30,45,30,30,30,33,0,0,0,0,0,0,0,0,0,0,0]} 1. e4 e5 2. Nf3 Nc6 3. Bb5 a6 4. Ba4 Nf6 5. O-O Be7 6. Re1 b5 7. Bb3 d6 8. c3 O-O 9. h3 Re8 10. d4 Bb7 11. Nbd2 Bf8 12. a3 h6 13. Bc2 d5 14. dxe5 {C93: Closed Ruy Lopez: Smyslov Variation} Nxe5 15. Nxe5 Rxe5 16. Nf3 Re8 17. e5 Ne4 18. Bf4 c5 {LiveBook: 4 Games} 19. Qe2 (19. a4 b4 20. c4 f5 21. cxd5 Qxd5 {½-½ (46) Navara,D (2725)-Morozevich,A (2683) Novi Sad 2016}) 19... f6 20. Rad1 $146 {[%cal Rc2e4]} ({Predecessor:} 20. a4 c4 21. axb5 axb5 22. Rxa8 Bxa8 23. exf6 Qxf6 {½-½ (36) Maiorov,O (2109)-Mikhailov,G (2327) ICCF email 2013}) 20... fxe5 21. Bxe5 {[%cal Rc2e4]} ({Much worse is} 21. Nxe5 Qf6 $17) (21. Bxh6 $5 Nf6 22. Bg5 $14) 21... Qb6 22. Qe3 Re6 23. Bb3 Nd6 ({Black should try} 23... c4 $14 24. Qxb6 Rxb6) 24. Bxd5 Bxd5 25. Rxd5 Nc4 26. Qc1 Qc6 27. Red1 Rae8 {[%cal Rc4e5]} 28. Bg3 Re2 29. b3 Nb2 {[#]} 30. Ne5 $1 {[%cal Re5c6]} R8xe5 31. Rxe5 Rxe5 32. Bxe5 Nxd1 33. Qxd1 Qe6 {[#]} 34. Bf4 ({Better is} 34. f4 $1 $16) 34... Be7 35. Be3 c4 36. b4 Bf6 37. Qd2 Qe4 {The position is equal.} 38. Kf1 Qb1+ 39. Ke2 Qb3 40. Bd4 Bxd4 41. Qxd4 Qxa3 42. Qd5+ {Precision: White = 63%, Black = 75%.} 1/2-1/2

[Event "50th Biel Festival 2017"]
[Site "Biel"]
[Date "2017.07.31"]
[Round "7"]
[White "Navara, David"]
[Black "Harikrishna, Pentala"]
[Result "1/2-1/2"]
[WhiteElo "2737"]
[BlackElo "2737"]
[Annotator "TA"]
[PlyCount "48"]
[EventDate "2017.??.??"]
[EventType "tourn"]
[EventCountry "SUI"]
[SourceTitle "playchess.com"]
[Source "ChessBase"]
[SourceQuality "1"]

{[%evp 24,48,27,23,31,25,7,11,27,26,3,6,20,17,14,0,10,-20,0,-48,0,-19,0,-45,0,-22,0]} 1. e4 e6 2. d4 d5 3. Nd2 c5 4. Ngf3 cxd4 5. exd5 Qxd5 6. Bc4 Qd8 7. O-O Nc6 8. Nb3 a6 {C07: French Tarrasch: 3...c5, 4 Ngf3 and 4 exd5 Qxd5} 9. Nbxd4 Nxd4 10. Nxd4 Qc7 11. Bb3 Bd6 12. Qh5 Nf6 13. Qh4 {LiveBook: 7 Games} Bd7 14. Bg5 {[#]} O-O-O $146 {[%cal Ba8d8,Bd8g8,Bg8g5][%mdl 32]} 15. Rad1 h6 16. Bxf6 gxf6 17. Rd3 ({Don't take} 17. Qxf6 Bxh2+ 18. Kh1 Qf4 $14) 17... Kb8 18. Rfd1 Be5 19. c3 Rdg8 20. Qh5 Rg5 21. Qh3 Rgg8 22. Qh5 Rg5 23. Qh3 ({Much worse is} 23. Qxf7 Bxd4 24. g3 {[#]} (24. cxd4 $2 Rxg2+ 25. Kxg2 Bc6+ 26. d5 Bxd5+ 27. Bxd5 Qxf7 $19) 24... Bxf2+ $1 {[%mdl 512]} 25. Kxf2 Qc5+ 26. Rd4 e5 $15) 23... Rgg8 24. Qh5 Rg5 1/2-1/2

[Event "50th Biel Festival 2017"]
[Site "Biel"]
[Date "2017.07.31"]
[Round "7"]
[White "Leko, Peter"]
[Black "Vaganian, Rafael A"]
[Result "1-0"]
[WhiteElo "2678"]
[BlackElo "2562"]
[Annotator "TA RC"]
[PlyCount "129"]
[EventDate "2017.??.??"]
[EventType "tourn"]
[EventCountry "SUI"]
[SourceTitle "playchess.com"]
[Source "ChessBase"]
[SourceQuality "1"]

{[%evp 20,129,47,33,46,37,23,34,39,30,37,25,60,21,61,56,91,64,85,58,72,72,76,43,102,104,200,91,96,101,110,97,97,89,89,96,127,94,127,100,108,93,103,114,137,113,132,98,107,100,108,105,197,44,72,22,22,29,24,18,22,25,67,68,62,52,56,40,68,47,62,62,66,50,75,19,25,6,6,6,6,0,0,0,0,0,0,0,0,0,9,6,93,77,89,85,97,80,296,358,340,334,320,304,451,436,446,431,424,397,386,365]} 1. e4 e6 2. d4 d5 3. Nc3 {[%cal Bb1c3,Bc3e4,Be4g5][%mdl 32]} dxe4 4. Nxe4 Bd7 5. Nf3 Bc6 6. Bd3 Be7 7. Neg5 Nd7 8. Qe2 Bxf3 9. Nxf3 Ngf6 10. O-O O-O {C10: French with 3 Nc3: Unusual Black 3rd moves and 3...dxe4} 11. c4 {LiveBook: 9 Games} Re8 12. b3 c5 $146 {White is slightly better.} ({Predecessor:} 12... c6 13. Bb2 Qc7 {1-0 (41) Wei,Y (2727)-Fang,Y (2443) China 2017}) 13. Bb2 Qb6 14. Bc2 Rad8 15. a3 {[%cal Ba2a3,Ba3b4][%mdl 32]} a5 16. Rfb1 Ra8 17. Bc3 Bf8 18. dxc5 Qxc5 19. b4 axb4 20. axb4 Qc7 21. Nd4 b6 (21... Nb6 $14) 22. Nb5 $36 {[%mdl 2048] White has strong initiative.} Qb7 {[#]} (22... Qf4 $16 {was called for.} 23. g3 Qh6) 23. Qd3 (23. g4 $1 $18 {and White stays clearly on top.}) 23... Rxa1 24. Rxa1 Ra8 {With the idea ...Rxa1+.} 25. Rd1 Be7 26. g3 Qc6 27. Qe2 Kf8 28. Re1 Qb7 29. Bd1 Rc8 30. Qd3 Qc6 31. Bb3 {aiming for Na7.} Rd8 {Strongly threatening ...Ne5!} 32. Nd4 Qb7 33. Bd1 Nb8 34. Qe3 Rc8 35. Be2 Na6 (35... Qe4 $16 {was worth a try.}) 36. Rb1 $2 (36. Ra1 $18) 36... Qe4 $14 37. Qxe4 (37. Qc1 {looks sharper.} Rd8 38. f3 Qb7 39. Qb2 Kg8 40. Rd1) 37... Nxe4 38. Be1 {Hoping for c5.} Nb8 39. f3 Nd6 40. Rc1 Nc6 41. Nxc6 Rxc6 42. Bf2 Nc8 43. Rb1 Rc7 44. Kf1 Ke8 45. Bd3 g6 46. Ke2 Ra7 47. Rb2 ({Better is} 47. c5 $16) 47... Kd8 48. f4 Kc7 49. Bd4 Ra4 50. Bc3 Na7 51. Be5+ Bd6 {White must now prevent ...Bxe5.} 52. b5 Nc8 53. Rd2 f5 54. Ke3 Bxe5 55. fxe5 $11 {[%mdl 4096] Endgame KRB-KRN} Ne7 (55... h6 $11 {keeps the balance.}) 56. Be2 $16 Ra3+ {[#]} 57. Kf2 $1 Nc8 58. Bf3 Ra7 $2 (58... Ra4 $16 {was necessary.}) 59. Bc6 $18 Kb8 60. Rd7 Rc7 61. Rd8 Re7 (61... Ra7 {is a better defense.} 62. Ke3 Rg7) 62. Bd7 Kc7 63. Rxc8+ Kb7 64. Re8 ({Not} 64. Rd8 Kc7 $18) 64... Rxd7 65. Ke3 {Precision: White = 57%, Black = 45%.} 1-0

[Event "50th Biel Festival 2017"]
[Site "Biel"]
[Date "2017.07.31"]
[Round "7"]
[White "Morozevich, Alexander"]
[Black "Ponomariov, Ruslan"]
[Result "1-0"]
[WhiteElo "2675"]
[BlackElo "2699"]
[Annotator "TA"]
[PlyCount "57"]
[EventDate "2017.??.??"]
[EventType "tourn"]
[EventCountry "SUI"]
[SourceTitle "playchess.com"]
[Source "ChessBase"]
[SourceQuality "1"]

{[%evp 16,57,21,-34,-22,-76,-100,-83,-99,-87,-82,-96,-89,-95,-77,-98,-5,-23,-9,0,54,30,45,62,42,43,395,386,564,521,564,521,1052,1036,1302,1289,1252,569,1251,1244,1243,1243,1229,1191]} 1. d4 d5 2. c4 c6 3. Nf3 Nf6 4. Nc3 e6 5. Bg5 h6 6. Bh4 Nbd7 7. e3 Be7 8. Qc2 O-O 9. O-O-O {LiveBook: 9 Games} ({Better is} 9. Be2 $11) 9... dxc4 {D61: Queen's Gambit Declined: Classical: 7 Qc2} 10. g4 $146 (10. Bxc4 $11 {keeps the balance.} b5 11. Be2) ({Predecessor:} 10. Bxc4 b5 11. Bd3 Bb7 12. Kb1 Rc8 13. Ne5 Nxe5 14. dxe5 Nd5 15. Nxd5 cxd5 16. Bxe7 Qxe7 17. Qe2 b4 18. f4 a5 19. g4 {½-½ (65) Krasenkow,M (2702)-Grabarczyk,M (2495) Zakopane 2000}) 10... b5 $17 11. Rg1 Nd5 {Black is better.} 12. Bxe7 Qxe7 13. g5 h5 14. g6 f5 15. Ne5 Nxc3 (15... Nxe5 $17 16. dxe5 Nxc3 17. Qxc3 Qh4) 16. Qxc3 $11 Nf6 17. e4 Ng4 (17... fxe4 $11 18. Qh3 {[#]} c3 $1 {[%mdl 512]}) 18. Qh3 $1 $14 {[%cal Rg1g4][%mdl 1024] [#] Hoping for Rxg4. White has compensation.} Qg5+ $1 19. Kb1 {And now f3 would win.} Qh6 20. Qh4 Nf6 $2 {[%mdl 8192]} (20... c5 $1 $14) 21. Rg5 $18 Bd7 (21... fxe4 $142 22. Be2 a5 23. Bxh5 Ra7) 22. Nxd7 {White is clearly winning.} Nxd7 23. e5 c5 {intending ...cxd4.} 24. Be2 cxd4 25. Rxh5 Qxg6 26. Rh8+ Kf7 27. Bh5 Rxh8 28. Bxg6+ Kxg6 29. Qe7 {Precision: White = 88%, Black = 44%.} 1-0

[Event "50th Biel Festival 2017"]
[Site "Biel"]
[Date "2017.07.31"]
[Round "7"]
[White "Hou, Yifan"]
[Black "Bacrot, Etienne"]
[Result "1-0"]
[WhiteElo "2666"]
[BlackElo "2715"]
[Annotator "TA"]
[PlyCount "71"]
[EventDate "2017.??.??"]
[EventType "tourn"]
[EventCountry "SUI"]
[SourceTitle "playchess.com"]
[Source "ChessBase"]
[SourceQuality "1"]

{[%evp 12,71,13,20,20,12,16,16,15,0,4,0,0,0,0,0,0,0,0,0,59,64,59,43,57,67,72,71,41,52,48,34,55,75,92,100,108,107,86,47,55,55,49,37,46,64,58,21,76,53,64,37,98,86,105,124,127,126,106,108,728,716]} 1. e4 e5 2. Nf3 Nc6 3. Bb5 Nf6 4. d3 Bc5 5. c3 O-O 6. O-O d6 7. h3 Ne7 {C65: Ruy Lopez: Berlin Defence (3...Nf6), unusual lines and 4 0-0 Bc5} 8. Re1 c6 9. Ba4 Ng6 {The position is equal.} 10. d4 Bb6 11. Nbd2 Re8 12. Bc2 h6 13. a4 Bc7 14. Nf1 {[#]} d5 $146 ({Predecessor:} 14... Nh7 15. Ng3 Ng5 16. dxe5 Nxf3+ 17. Qxf3 Rxe5 18. Be3 Bb6 19. Rad1 Be6 20. Qe2 h5 21. Bxb6 {½-½ (21) Kobalia,M (2637)-Alekseev,E (2700) Dagomys 2010}) 15. Nxe5 Nxe5 ({Better is} 15... dxe4 $11 16. Nxg6 fxg6) 16. dxe5 $14 Bxe5 17. f4 $1 {[%cal Rf4e5]} Bc7 {[%cal Rf6e4]} 18. e5 Ne4 19. Bxe4 dxe4 20. Qh5 Be6 21. Ng3 Bb6+ 22. Be3 Qd3 23. Nf1 Rad8 24. f5 Bb3 25. f6 {[#] Hoping for Bxb6.} (25. e6 {is interesting.} fxe6 26. f6 Rf8 27. Bxb6 axb6 28. fxg7 Kxg7 29. Ne3) 25... Qd5 26. Bxb6 axb6 27. fxg7 Qxe5 28. Qxh6 $40 {[%csl Gg7][%cal Rh6h8][%mdl 128] White mounts an attack.} Qxg7 29. Qh4 Rd3 (29... Rd6 $11 {keeps the balance.}) 30. Re3 ({Don't play} 30. Rxe4 Rxe4 31. Qxe4 Rxh3 $11) 30... Re6 31. Rae1 Rh6 (31... Bd5 $14) 32. Qf4 Rxh3 33. Rxd3 Rxd3 34. Rxe4 Be6 35. Ne3 {Re5 is the strong threat.} Rd8 $2 {[%mdl 8192] [#]} (35... Rd2 $16) 36. Re5 $1 {Precision: White = 87%, Black = 55%.} 1-0

[Event "50th Biel Festival 2017"]
[Site "Biel"]
[Date "2017.07.31"]
[Round "7"]
[White "Studer, Noel"]
[Black "Georgiadis, Nico"]
[Result "0-1"]
[WhiteElo "2493"]
[BlackElo "2496"]
[Annotator "TA"]
[PlyCount "120"]
[EventDate "2017.??.??"]
[EventType "tourn"]
[EventCountry "SUI"]
[SourceTitle "playchess.com"]
[Source "ChessBase"]
[SourceQuality "1"]

{[%evp 15,120,0,6,-22,0,-3,0,-15,0,0,2,2,12,3,9,6,14,9,14,8,5,9,13,25,23,12,21,16,45,21,25,8,10,-33,-27,-40,-26,-35,-39,-95,-58,-62,-21,-185,-183,-185,-178,-257,-254,-239,-256,-238,-244,-236,-239,-235,-217,-262,-254,-287,-223,-223,-223,-221,-228,-257,-183,-206,-150,-146,-125,-206,-206,-210,-210,-210,-210,-211,-211,-210,-211,-211,-210,-278,-275,-372,-372,-372,-343,-332,-322,-372,-372,-372,-372,-365,-365,-358,-358,-398,-380,-358,-358,-358,-358,-351,-335]} 1. d4 Nf6 2. c4 e6 3. Nf3 b6 4. g3 Bb4+ 5. Bd2 Be7 6. Bg2 c6 7. O-O d5 8. Qc2 O-O {LiveBook: 1347 Games} 9. a4 {E11: Bogo-Indian} (9. Rd1 Nbd7 10. b3 Ba6 11. Bc1 Rc8 12. Bb2 Ne4 13. Nc3 Nxc3 14. Qxc3 Bd6 15. Qc2 f5 16. e3 Bb7 17. Rac1 Qe7 18. Ne1 a5 {½-½ (41) Ding,L (2783)-Zhigalko,S (2635) Khanty-Mansiysk 2017}) 9... a5 10. Ne5 Bb7 11. Rc1 {The position is equal.} Nfd7 12. Nd3 $146 ({Predecessor:} 12. Nxd7 Nxd7 13. e4 dxe4 14. Qxe4 Ra7 15. Nc3 Nf6 16. Qe5 Ba8 {½-½ (24) Ilincic,Z (2548)-Akesson,R (2466) Budapest 2008}) 12... Na6 13. Qb3 Rb8 14. Na3 Bf6 15. Nc2 c5 16. cxd5 exd5 17. Bxd5 cxd4 18. Bxb7 Rxb7 19. Nce1 Qe7 20. Qb5 Nac5 21. Nf4 Qe5 22. Rab1 Ne4 23. Qxe5 Bxe5 24. Rd1 Ndc5 $36 {[%cal Bd7c5,Bc5a4,Ba4b2][%mdl 2080] Black has some pressure.} 25. Nfd3 Bf6 26. Bf4 Nxa4 27. Rbc1 (27. Nf3 $15) 27... Re8 28. Rc6 g5 29. Ra1 $2 {[#]} (29. f3 $11 gxf4 30. fxe4) 29... Nxb2 $1 $19 (29... gxf4 30. Rxa4 fxg3 31. hxg3 $11) 30. Nxb2 gxf4 31. f3 (31. gxf4 {was called for.} Re6 32. Rc8+ Kg7 33. Kg2) 31... d3 $1 ({Worse is} 31... fxg3 32. fxe4 gxh2+ 33. Kh1 $15) 32. Nexd3 Bd4+ ({Stronger than} 32... fxg3 33. fxe4 Bd4+ 34. e3 $11) 33. e3 Bxe3+ 34. Kg2 Nc5 35. Nxc5 Bxc5 ({Don't play} 35... bxc5 36. Nc4 $17) 36. Nd3 Be3 37. Ra4 Rd7 38. Nxf4 Rd4 39. Rxd4 Bxd4 {[%mdl 4096] Endgame KRB-KRN} 40. Nd5 Rb8 41. Rc4 Bb2 42. Ra4 Bg7 43. Kh3 (43. f4 $17) 43... h6 44. Kg4 b5 45. Rxa5 b4 46. Nc7 Rb7 47. Rb5 Rxc7 48. Rxb4 {KRB-KR} Rc2 49. h4 Rc5 50. Rf4 h5+ 51. Kh3 Bh6 52. Ra4 Bd2 53. Rd4 Bc3 {Black is winning.} 54. Rd3 Kg7 55. Kg2 Be5 56. Kh3 Kg6 57. Ra3 Rc3 58. Ra6+ f6 59. Kg2 Rc2+ 60. Kh3 Bd4 {Precision: White = 36%, Black = 67%.} 0-1

[Event "50th Biel Festival 2017"]
[Site "Biel"]
[Date "2017.08.01"]
[Round "8"]
[White "Bacrot, Etienne"]
[Black "Navara, David"]
[Result "1/2-1/2"]
[WhiteElo "2715"]
[BlackElo "2737"]
[Annotator "TA"]
[PlyCount "86"]
[EventDate "2017.??.??"]
[EventType "tourn"]
[EventCountry "SUI"]
[SourceTitle "playchess.com"]
[Source "ChessBase"]
[SourceQuality "1"]

{[%evp 12,86,26,25,42,42,49,37,31,30,37,45,59,28,29,21,14,15,15,9,48,38,85,35,27,0,0,-20,-16,-27,-9,-17,0,-20,-20,-11,0,0,0,0,0,0,0,0,1,0,0,0,0,0,0,0,0,0,0,0,0,-17,-17,-17,-17,-17,-16,-33,-24,-24,-24,-24,-24,-24,-2,-2,-2,-52,-52,-52,-52]} 1. e4 c5 2. Nf3 d6 3. d4 cxd4 4. Nxd4 Nf6 5. Nc3 a6 6. h3 {[%cal Bh2h3,Bh3h4,Bh4h5][%mdl 32]} e6 7. g4 Nfd7 {B81: Sicilian Scheveningen: Keres Attack} (7... h6 8. Bg2 Be7 9. Be3 Nc6 10. f4 Nd7 11. O-O O-O 12. Nf3 b5 13. Ne2 Bb7 14. Ng3 Rc8 15. c3 Na5 16. Bf2 {½-½ (46) Harikrishna,P (2737)-Navara,D (2737) Biel 2017}) 8. g5 b5 9. a3 Bb7 {White is slightly better.} 10. h4 Be7 11. Be3 Nc6 12. Nxc6 Bxc6 13. Qd4 O-O $1 14. O-O-O Rb8 15. h5 $1 {[#]} e5 $146 16. Qd2 $1 f5 {[#] Strongly threatening ...f4.} 17. gxf6 Nxf6 18. Bd3 Ng4 {Hoping for ...Rxf2!} 19. Rdg1 Nxe3 20. Qxe3 Kh8 21. Nd5 h6 22. f4 Bxd5 23. Qg3 $1 {[%csl Gg1][%cal Rg3g7] [#]} Bf6 24. exd5 {Qg6 is the strong threat.} Qe8 25. fxe5 (25. Qf3 {seems wilder.} exf4 26. Re1 Qf7 27. Re6 Be5 28. Rg1) 25... Bxe5 26. Qg6 Qxg6 27. Bxg6 b4 {aiming for ...bxa3.} 28. axb4 Rxb4 29. c3 Rb5 30. Rf1 {[%cal Rf1f8]} Rfb8 31. Rf2 a5 32. Rhf1 {White wants to mate with Rf8+.} Bf6 33. Re2 Rxd5 34. Re8+ (34. Rfe1 {with more complications.} Be5 35. Rf1 a4 36. Ref2 Bf6 37. Rf5) 34... Rxe8 35. Bxe8 $11 {[%mdl 4096] Endgame KRB-KRB} Kg8 36. Bg6 Kf8 37. Rd1 Rxd1+ 38. Kxd1 $15 {KB-KB} Ke7 39. Kc2 d5 40. Kb3 Kd6 41. Ka4 d4 42. cxd4 Bxd4 43. Kxa5 Bxb2 {Precision: White = 64%, Black = 62%.} 1/2-1/2

[Event "50th Biel Festival 2017"]
[Site "Biel"]
[Date "2017.08.01"]
[Round "8"]
[White "Ponomariov, Ruslan"]
[Black "Harikrishna, P.."]
[Result "0-1"]
[WhiteElo "2699"]
[BlackElo "2737"]
[Annotator "TA"]
[PlyCount "116"]
[EventDate "2017.??.??"]
[EventType "tourn"]
[EventCountry "SUI"]
[SourceTitle "playchess.com"]
[Source "ChessBase"]
[SourceQuality "1"]

{[%evp 11,116,25,26,0,0,0,0,0,0,0,0,0,7,0,0,0,0,0,0,0,0,-12,-1,-16,-16,-90,-45,-50,-61,-119,-92,-98,-107,-112,-108,-112,-110,-108,-105,-124,-96,-99,-97,-122,-108,-102,-104,-117,-110,-97,-112,-111,-110,-106,-118,-98,-95,-87,-108,-93,-107,-70,-23,-25,-29,-25,-21,-27,-18,-67,-59,-59,-60,-49,-40,-232,-227,-281,-277,-246,-248,-265,-229,-353,-332,-319,-319,-309,-275,-307,-295,-456,-456,-456,-456,-452,-450,-456,-449,-577,-456,-395,-395,-29969,-29971,-29969,-29971]} 1. e4 e6 2. d4 d5 3. Nd2 c5 4. Ngf3 Nc6 5. exd5 exd5 6. Bb5 Qe7+ 7. Qe2 {C09: French Tarrasch: 3...c5 4 exd5 exd5 5 Ngf3 Nc6} Qxe2+ 8. Kxe2 a6 9. Bxc6+ $1 {The position is equal.} bxc6 10. Re1 (10. dxc5 Bxc5 11. Nb3 Bd6 12. Be3 Ne7 13. Bc5 Kd7 14. Ng5 Bf4 15. Nxf7 {½-½ (37) Navara,D (2725)-Fridman,D (2596) Tallinn 2016}) 10... f6 11. dxc5 Bxc5 12. Nb3 Bd6 13. Be3 a5 {[#]} 14. Bc5 $146 ({Find the theoretical novelty and annotate with similar games:} 14. a4 Ne7 {0-1 (58) Lu,S (2617)-Gurevich,M (2542) Cappelle la Grande 2016}) 14... Kd7 15. Bb6 Rb8 16. Nc5+ Ke8 17. Kd2+ Kf7 18. Na4 (18. Ba7 $1 $11 {keeps the balance.}) 18... Ne7 19. b3 Bg4 $36 {[%mdl 2048] Black has good play.} 20. Ba7 (20. Bc5 $15 Bf4+ 21. Be3) 20... Rb7 21. Bc5 Bf4+ 22. Be3 Bxf3 $1 23. Bxf4 Bxg2 24. Nc5 Ra7 $1 25. Rg1 Bh3 26. Rg3 Bf5 27. Re1 Rd8 28. Rc3 g5 29. Bg3 Ng6 30. Na4 h5 {[%cal Bh7h5,Bh5h4][%mdl 32] aiming for ...h4.} 31. Rxc6 h4 $1 {[%cal Rh4g3]} 32. Bd6 Rad7 33. Bc5 Ne5 34. Rxe5 fxe5 35. Nb6 Rb7 36. Be3 Be6 {Hoping for ...Rg8.} 37. Bxg5 Rh8 38. Na4 $1 {[%cal Ra4c5] Threatens to win with Nc5.} Rbb8 {...Rbg8 is the strong threat.} 39. Nc5 Rbe8 40. Nd3 Kg6 $1 {[%cal Rg6g5]} 41. f4 exf4 42. Bxf4 Kf5 43. c4 $2 {[#]} (43. Bc7 $15) 43... Rhg8 $1 $19 44. cxd5 Bxd5 45. Rc5 {[#]} Rg2+ $1 46. Kc3 Ke4 47. Rc7 (47. a3 $142) 47... Rxa2 48. Bd6 Be6 49. Rh7 Kd5 50. Bc7 Bf5 {( -> ...Re3)} 51. Rxh4 (51. Rh5 {is a better defense.} Rf8 52. Nb2) 51... Re3 {[%csl Gf5][%cal Re3d3]} 52. Rd4+ Kc6 53. Bg3 {[#]} a4 $1 {[%cal Ba5a4,Ba4a3][%mdl 544]} 54. Rd6+ (54. bxa4 Bxd3) 54... Kb7 55. Rd5 Rxd3+ 56. Rxd3 Bxd3 57. Kxd3 $2 (57. bxa4 $19 Bf5 58. Bf4) 57... a3 58. Be5 Rg2 {Precision: White = 53%, Black = 95%.} 0-1

[Event "50th Biel Festival 2017"]
[Site "Biel"]
[Date "2017.08.01"]
[Round "8"]
[White "Morozevich, Alexander"]
[Black "Studer, Noel"]
[Result "1-0"]
[WhiteElo "2675"]
[BlackElo "2493"]
[Annotator "TA"]
[PlyCount "61"]
[EventDate "2017.??.??"]
[EventType "tourn"]
[EventCountry "SUI"]
[SourceTitle "playchess.com"]
[Source "ChessBase"]
[SourceQuality "1"]

{[%evp 9,61,27,52,30,26,16,19,19,16,12,40,21,33,15,35,31,34,32,20,18,87,98,158,172,175,164,146,145,152,146,244,258,235,214,255,266,249,254,257,262,269,241,217,232,247,263,270,257,270,269,672,665,861,847]} 1. d4 d5 2. c4 dxc4 3. e4 {[%cal Be2e4,Be4e5][%mdl 32]} Nf6 4. e5 Nd5 5. Bxc4 Nc6 6. Ne2 {D20: Queen's Gambit Accepted: 3 e3 and 3 e4} (6. Nf3 Nb6 7. Bb3 Bg4 8. Ng5 Bxd1 9. Bxf7+ Kd7 10. Be6+ Ke8 11. Bf7+ {½-½ (11) Stupak,K (2562)-Aleksandrov,A (2565) Minsk 2017}) 6... Bf5 7. O-O e6 8. a3 {The position is equal.} Qd7 9. Nbc3 Nce7 $146 (9... Nb6 $5 {[%cal Rb6c4]} 10. Bb3 Be7 $11) ({Find the theoretical novelty and annotate with similar games:} 9... Nb6 10. Ba2 Be7 11. Be3 Rd8 12. f4 h6 13. Qe1 Bd3 14. Rd1 Bc4 15. Bxc4 Nxc4 {½-½ (15) Ilincic,Z (2405)-Fominyh,A (2441) Kecskemet 2016}) 10. Bd2 Nb6 11. Ba2 $36 {[%mdl 2048] Black is under pressure.} Ned5 12. Ng3 Bg6 13. h4 {[%cal Bh2h4,Bh4h5][%mdl 32]} O-O-O 14. a4 {[%cal Ba3a4,Ba4a5][%mdl 32]} Nxc3 (14... Bd3 $11 {keeps the balance.}) 15. bxc3 $16 Nd5 (15... a5 $142) 16. a5 a6 17. h5 Bd3 18. Re1 $1 Qb5 19. Bb3 Bc4 {[#]} (19... g5 $16 20. Ba4 (20. Bxg5 Nxc3 21. Ba4 Qc4 $14) 20... Qc4) 20. Ba4 $1 $18 {[%cal Ra4b5]} Qb2 21. Ne4 {Qf3 is the strong threat.} Bd3 22. Ng5 Nxc3 23. Bxc3 Qxc3 24. Nxf7 Qxd4 {With the idea ...Bc5!} 25. Nxh8 Bc5 26. Re3 Qb2 {[#]} 27. Nf7 $1 {[%cal Rf7d8]} ({But not} 27. Rxd3 $2 Qxf2+ 28. Kh2 Qh4+ 29. Rh3 Qf4+ 30. Rg3 Rxd1 $19) ({Weaker is} 27. Rf3 Bd4 $14) 27... Bxe3 28. fxe3 Rd5 29. Qc1 Qe2 $2 (29... Qxc1+ 30. Rxc1 Rxa5) 30. Bb3 ({Inferior is} 30. Nd6+ Kb8 $14) 30... Rb5 31. Nd6+ {Precision: White = 79%, Black = 46%.} 1-0

[Event "50th Biel Festival 2017"]
[Site "Biel"]
[Date "2017.08.01"]
[Round "8"]
[White "Vaganian, Rafael A"]
[Black "Hou, Yifan"]
[Result "0-1"]
[WhiteElo "2562"]
[BlackElo "2666"]
[Annotator "TA"]
[PlyCount "66"]
[EventDate "2017.??.??"]
[EventType "tourn"]
[EventCountry "SUI"]
[SourceTitle "playchess.com"]
[Source "ChessBase"]
[SourceQuality "1"]

{[%evp 23,66,0,0,0,0,0,0,0,0,-63,-7,-11,-21,-13,-18,-22,-14,-98,-106,-103,-97,-191,-152,-133,-152,-313,-307,-283,-274,-322,-282,-321,-310,-313,-286,-397,-395,-395,-385,-458,-455,-453,-452,-456,-447]} 1. d4 Nf6 2. Nf3 e6 3. e3 b6 4. Bd3 Bb7 5. O-O d5 6. b3 Bd6 7. Bb2 O-O 8. Ne5 c5 9. Qe2 Nc6 {A47: 1 d4 Nf6 2 Nf3 b6: Torre, London and Colle Systems} 10. a3 Rc8 11. Nd2 Ne7 12. Rad1 Qc7 {LiveBook: 3 Games} 13. c4 $146 ({Predecessor:} 13. h3 b5 14. Bxb5 cxd4 15. exd4 Qxc2 16. Rb1 Ne4 17. Nxe4 dxe4 18. Qxc2 Rxc2 {½-½ (40) Rakhmanov,A (2616)-Jaracz,P (2527) Legnica 2013}) 13... Ne4 14. cxd5 Nxd2 15. Rxd2 Bxd5 16. Qh5 (16. Nf3 $11) 16... f5 ({Black should play} 16... g6 $15 17. Qh6 Bxe5 18. dxe5 Bxb3) 17. Nc4 $11 cxd4 18. Bxd4 Ng6 19. Nxd6 Qxd6 20. b4 (20. Ba6 $11) 20... Bxg2 $1 $17 21. Kxg2 {aiming for f4.} Qxd4 $1 22. Qxg6 (22. exd4 $17 {was worth a try.} Nf4+ 23. Kf3 Nxh5 24. Re1) 22... Qd5+ $1 $19 23. e4 {[#]} fxe4 $1 24. Qxe4 $2 {[#]} (24. Ba6 $17 hxg6 25. Rxd5 exd5 26. Bxc8 Rxc8 27. Rd1) 24... Qg5+ $1 25. Kh1 Qxd2 26. Qxh7+ Kf7 27. Qg6+ Ke7 28. Qxg7+ Rf7 29. Qd4 {If White can now play Qh4+ this consolidates a bit.} Qf4 30. Qxf4 Rxf4 31. f3 Rd4 {Black is clearly winning.} ({Less strong is} 31... Rc3 32. Be4 $19) 32. Be4 Rd2 33. Rg1 Rc3 {Precision: White = 34%, Black = 88%.} 0-1